000
00325nam a2200145Ia 4500
008
191201s2007 xx 000 0 und d
082
_a
629.23
_b
PSD
100
_a
NA
245
0
_a
Design Data
250
_a
Rev.ed.
260
_a
-
_b
kalaikathir Achchagon
_c
2007
300
_a
misc.
650
_a
B.Tech(ME)
942
_2
ddc
_c
BK
999
_c
3535
_d
3535